Statistics for Biggest Cities with Greek Names

Click here to take the quiz!

General Stats

  • This quiz has been taken 231 times
  • The average score is 11 of 18

Answer Stats

PopulationCountryCity% Correct
14.6 milTurkeyIstanbul
96%
3.40 milGreeceAthens
91%
5.25 milEgyptAlexandria
84%
4.75 milTurkeyAnkara
82%
1.33 milBulgariaSofia
81%
1.14 milLibyaTripoli
75%
4.25 milItalyNaples
74%
2.98 milTurkeyIzmir
72%
1.65 milFranceMarseille
69%
7.35 milUnited StatesPhiladelphia
64%
1.09 milUkraineOdessa
61%
5.60 milUnited StatesAtlanta
54%
1.20 milTurkeyAntalya
42%
4.40 milUnited StatesPhoenix
36%
1.98 milTurkeyBursa
34%
1.25 milTurkeyKonya
23%
1.08 milTurkeyKayseri
13%
1.38 milPhilippinesAngeles
10%

Score Distribution

Percentile by Number Answered

Percent of People with Each Score

Your Score History

You have not taken this quiz